L'animale umano : identità e continuità biologica /
Uloženo v:
| Hlavní autor: | |
|---|---|
| Další autoři: | |
| Médium: | Kniha |
| Jazyk: | italština |
| Vydáno: |
Milano [etc.] :
McGraw-Hill,
1999
|
| Edice: | Dynamie
|
| Témata: | |
| Tagy: |
Žádné tagy, Buďte první, kdo vytvoří štítek k tomuto záznamu!
|
MARC
| LEADER | 00000nam a22000007i 4500 | ||
|---|---|---|---|
| 001 | IT\ICCU\RAV\0338635 | ||
| 003 | ItRI | ||
| 005 | 20260115231908.0 | ||
| 008 | 990920s1999 it |||||| ||||| |||||c | ||
| 020 | |a 8838637202 | ||
| 040 | |b ita |c importazione bologna sebina | ||
| 041 | 7 | |a ita |2 ISO-639-2 | |
| 082 | |a 126 |9 FILOSOFIA. L'IO |2 19 | ||
| 100 | 1 | |a Olson, Eric T. |0 IT\ICCU\RAVV\109558 |4 aut | |
| 240 | 1 | 4 | |a The human animal. |3 IT\ICCU\UFI\0332248 |9 Olson, Eric T. |
| 245 | 1 | 2 | |a L'animale umano : |b identità e continuità biologica / |c Eric T. Olson ; prefazione di Michele Di Francesco. |
| 260 | |a Milano [etc.] : |b McGraw-Hill, |c 1999 | ||
| 300 | |a XVI, 189 p. ; |c 21 cm | ||
| 500 | |a Trad. Sergio Levi. | ||
| 650 | 7 | |a Identita personale | |
| 650 | 7 | |a Mente e cervello | |
| 650 | 7 | |a Persona <filosofia> |2 scbi | |
| 700 | 1 | |a Di Francesco, Michele |0 IT\ICCU\CFIV\004404 | |
| 830 | 0 | |a Dynamie |0 IT\ICCU\REA\0041821 | |
| 942 | |2 ddc |c BK |n 0 | ||
| 952 | |0 0 |1 0 |4 0 |6 DOC_128_000000000000000_OLS |7 0 |9 15670 |a BO |b BO |d 2026-01-15 |i 7936 |l 0 |o DOC 128 OLS |p BO7936 |r 2026-01-15 23:19:08 |w 2026-01-15 |x [Sebina 5] [1 v.] |y BK |z 1 v. | ||
| 999 | |c 13480 |d 13480 | ||